Culture Générale - Série 139 - Statistiques

Statistiques générales
  • Ce quiz a été pris 353 fois
  • Le résultat moyen est 5 sur 10
Statistiques - réponses
Question Réponse % Correct
De quel pays Kingston est-elle la capitale ? Jamaïque
94%
Quel criminel français est tué par la police le 2 novembre 1979 ? Jacques Mesrine
73%
Quelle est la garde chargée de la sécurité du pape au Vatican ? La Garde suisse
69%
A quel courant musical est associé le groupe Village People ? Disco
67%
Quelle ville a organisé les jeux Olympiques d'été en 2004 ? Athènes
66%
A quoi "nul n'est tenu", selon un célèbre proverbe français ? L'impossible
42%
En 1937, qui "chante soir et matin" ? Charles Trenet
40%
En argot, quelle profession est désignée par le terme "merlan" ? Coiffeur
32%
Quels héros de série télévisée sont adoptés par M. Drumond ? Arnold et Willy
31%
A quel dessinateur de bande dessinée doit-on "Gros dégueulasse" ? Reiser
9%
Aucun quiz correspondant
Distribution des résultats
% des personnes avec chaque résultat
Percentile par nombre de réponses
Votre historique - résultats
Vous n’avez pas pris ce quiz